[Event "Ottawa Winter op"]
[Site "Ottawa CAN"]
[Date "2026.01.16"]
[Round "1.5"]
[White "Moses, Neil"]
[Black "Nazareno, Merlin"]
[Result "1-0"]
[WhiteElo "2316"]
[BlackElo "2035"]
[WhiteFideId "-1"]
[BlackFideId "-1"]
[PlyCount "67"]
[GameId "2268007695311124"]
[EventDate "2026.01.16"]
[EventType "swiss"]
[EventRounds "5"]
[EventCountry "CAN"]

1. e4 d5 2. exd5 Nf6 3. d4 Bg4 4. Be2 Bxe2 5. Qxe2 Qxd5 6. Nf3 Nc6 7. c4 Qf5 8. O-O O-O-O 9. d5 Nb4 10. Nc3 e6 11. dxe6 fxe6 12. Bg5 h6 13. Bxf6 gxf6 14. Nh4 Qc5 15. Qxe6+ Kb8 16. Ng6 Rh7 17. Rad1 Bd6 18. Ne4 Qh5 19. Rxd6 cxd6 20. Nxf6 Qxg6 21. Nd7+ Rdxd7 22. Qxg6 Nxa2 23. c5 d5 24. Qg3+ Rc7 25. Qa3 Rhd7 26. Qxa2 Rxc5 27. f4 d4 28. f5 d3 29. f6 Rc8 30. Qa4 Rdd8 31. Qf4+ Ka8 32. f7 d2 33. Rd1 Rc1 34. Rxc1 1-0

[Event "Ottawa Winter op"]
[Site "Ottawa CAN"]
[Date "2026.01.16"]
[Round "1.3"]
[White "Chiku-Ratte, Oliver-Kenta"]
[Black "Latreille, Etienne"]
[Result "1-0"]
[WhiteElo "2448"]
[BlackElo "2069"]
[WhiteFideId "-1"]
[BlackFideId "-1"]
[PlyCount "31"]
[GameId "2268007695311125"]
[EventDate "2026.01.16"]
[EventType "swiss"]
[EventRounds "5"]
[EventCountry "CAN"]

1. d4 d5 2. c4 c6 3. Nc3 Nf6 4. e3 a6 5. Nf3 Bf5 6. Qb3 Ra7 7. cxd5 cxd5 8. Ne5 Bc8 9. Bd2 e6 10. Rc1 Nfd7 11. Nxd5 Nxe5 12. Nc7+ Kd7 13. dxe5 Nc6 14. Rxc6 Kxc6 15. Ba5 Qxc7 16. Qc2+ 1-0

[Event "Ottawa Winter op"]
[Site "Ottawa CAN"]
[Date "2026.01.16"]
[Round "1.7"]
[White "Clyde, Jordan"]
[Black "Russell, Wesley"]
[Result "1-0"]
[WhiteElo "2279"]
[BlackElo "2013"]
[WhiteFideId "-1"]
[BlackFideId "-1"]
[PlyCount "63"]
[GameId "2268007695311126"]
[EventDate "2026.01.16"]
[EventType "swiss"]
[EventRounds "5"]
[EventCountry "CAN"]

1. e4 c5 2. Nc3 Nc6 3. Bb5 Nd4 4. Nf3 a6 5. Bd3 g6 6. Nxd4 cxd4 7. Ne2 d5 8. exd5 Qxd5 9. O-O Bg7 10. c3 dxc3 11. dxc3 Nf6 12. Qc2 O-O 13. Rd1 Qc6 14. Bf4 b5 15. Nd4 Qb6 16. Be5 Bb7 17. a4 bxa4 18. Rxa4 Qc5 19. Qe2 a5 20. Rc4 Qd5 21. Nf3 Rfd8 22. Rd4 Qc5 23. Bxg6 Rxd4 24. Bxd4 Qc7 25. Bxf7+ Kxf7 26. Ng5+ Kg6 27. Qc2+ Kxg5 28. Be3+ Qf4 29. h4+ Kg4 30. Qe2+ Bf3 31. gxf3+ Qxf3 32. Rd4+ 1-0

[Event "Ottawa Winter op"]
[Site "Ottawa CAN"]
[Date "2026.01.16"]
[Round "1.8"]
[White "Tan, Shuwen"]
[Black "Voloaca, Mihnea"]
[Result "1-0"]
[WhiteElo "1983"]
[BlackElo "2272"]
[WhiteFideId "-1"]
[BlackFideId "-1"]
[PlyCount "51"]
[GameId "2268007695311127"]
[EventDate "2026.01.16"]
[EventType "swiss"]
[EventRounds "5"]
[EventCountry "CAN"]

1. Nf3 c5 2. g3 b5 3. Bg2 Bb7 4. O-O Nf6 5. d4 e6 6. dxc5 Bxc5 7. Nc3 a6 8. Bf4 d5 9. e4 d4 10. e5 dxc3 11. Qxd8+ Kxd8 12. exf6 gxf6 13. bxc3 Nd7 14. Rfd1 Ke7 15. a4 bxa4 16. Rdb1 Be4 17. Nd4 Bxg2 18. Kxg2 Nb6 19. Bc7 Nd5 20. Rb7 Kf8 21. Rxa4 Rc8 22. Rc4 Be7 23. Rc6 Kg7 24. Ba5 Rxc6 25. Nxc6 Bc5 26. c4 1-0

[Event "Ottawa Winter op"]
[Site "Ottawa CAN"]
[Date "2026.01.16"]
[Round "1.4"]
[White "Zebaze, Dylane"]
[Black "Dukic, Zachary"]
[Result "0-1"]
[WhiteElo "2037"]
[BlackElo "2366"]
[WhiteFideId "-1"]
[BlackFideId "-1"]
[PlyCount "122"]
[GameId "2268007695376664"]
[EventDate "2026.01.16"]
[EventType "swiss"]
[EventRounds "5"]
[EventCountry "CAN"]

1. d4 Nf6 2. Nc3 d6 3. e4 e5 4. dxe5 dxe5 5. Bg5 Nbd7 6. Bc4 c6 7. a4 h6 8. Be3 Bb4 9. f3 Qe7 10. Nge2 O-O 11. O-O Bc5 12. Qc1 Nb6 13. Bb3 a5 14. Rd1 Nfd7 15. Ng3 Bxe3+ 16. Qxe3 Qc5 17. Kf2 g6 18. Qxc5 Nxc5 19. Ra3 Kg7 20. Ba2 Bd7 21. Ke2 Rad8 22. Nf1 Be6 23. Ne3 Bxa2 24. Rxa2 Rd4 25. b3 h5 26. g4 Rh8 27. Rg1 hxg4 28. Nxg4 Nbd7 29. Ke3 Rd6 30. Raa1 Ne6 31. Ne2 Kf8 32. Rad1 Rxd1 33. Rxd1 Ke7 34. Rh1 Rh3 35. Nf2 Rh4 36. h3 f5 37. Rg1 Kf6 38. Rd1 Ndc5 39. Rh1 Ng5 40. Nc3 Rf4 41. h4 Rxf3+ 42. Ke2 Rxc3 43. hxg5+ Kxg5 44. Rg1+ Kf6 45. Kd2 Rf3 46. Ke2 Rf4 47. exf5 gxf5 48. Rg8 Rh4 49. Ra8 Rh2 50. Kf3 Ne6 51. Rxa5 Nd4+ 52. Kg3 Rh7 53. Nd3 e4 54. Nb4 Rg7+ 55. Kf4 Ne6+ 56. Ke3 Rg3+ 57. Kf2 f4 58. Ra7 Nd4 59. Rxb7 e3+ 60. Kf1 e2+ 61. Kf2 Rf3+ 0-1

[Event "Ottawa Winter op"]
[Site "Ottawa CAN"]
[Date "2026.01.16"]
[Round "1.6"]
[White "Kellar, Ben"]
[Black "Duong, Thanh Nha"]
[Result "0-1"]
[WhiteElo "2020"]
[BlackElo "2300"]
[WhiteFideId "-1"]
[BlackFideId "-1"]
[PlyCount "102"]
[GameId "2268007695376665"]
[EventDate "2026.01.16"]
[EventType "swiss"]
[EventRounds "5"]
[EventCountry "CAN"]

1. d4 Nf6 2. c4 e6 3. Nf3 b6 4. g3 Ba6 5. Nbd2 c5 6. Bg2 Nc6 7. e3 Be7 8. O-O O-O 9. Ne5 Qc7 10. Nxc6 dxc6 11. Qa4 Bb7 12. Nf3 Rfd8 13. Rd1 a6 14. Bd2 Ne4 15. Be1 cxd4 16. Qc2 c5 17. exd4 cxd4 18. Nxd4 Ng5 19. Qe2 Bxg2 20. Kxg2 Bf6 21. Bc3 e5 22. h4 exd4 23. hxg5 Be5 24. Bb4 g6 25. Rac1 Bg7 26. Qg4 a5 27. Ba3 Qc6+ 28. Qf3 Qxf3+ 29. Kxf3 h6 30. Be7 Rd7 31. Bf6 hxg5 32. Bxg5 d3 33. Rd2 Rc8 34. Be3 Rc6 35. Rcd1 Rxc4 36. Rxd3 Rxd3 37. Rxd3 Bxb2 38. Rb3 Bd4 39. Bxd4 Rxd4 40. Ke3 Rd6 41. a3 Kf8 42. Ke4 Ke7 43. f3 Kd7 44. g4 Kc6 45. f4 Re6+ 46. Kd4 f5 47. gxf5 gxf5 48. Rc3+ Kd6 49. Rb3 Re4+ 50. Kd3 Kc5 51. Rc3+ Kd5 0-1

[Event "Ottawa Winter op"]
[Site "Ottawa CAN"]
[Date "2026.01.17"]
[Round "2.1"]
[White "Clyde, Jordan"]
[Black "Sambuev, Bator"]
[Result "0-1"]
[WhiteElo "2279"]
[BlackElo "2538"]
[WhiteFideId "-1"]
[BlackFideId "-1"]
[PlyCount "52"]
[GameId "2268007695376666"]
[EventDate "2026.01.16"]
[EventType "swiss"]
[EventRounds "5"]
[EventCountry "CAN"]
[WhiteClock "0:01:25"]
[BlackClock "0:35:06"]

1. Nf3 {[%emt 0:04:47]} d5 {[%emt 0:00:07]} 2. e3 {[%emt 0:00:53]} Nf6 {[%emt 0:00:44]} 3. c4 {[%emt 0:00:56]} e6 {[%emt 0:00:37]} 4. Nc3 {[%emt 0:00:54]} a6 {[%emt 0:00:43]} 5. b3 {[%emt 0:07:57]} Bd6 {[%emt 0:00:22]} 6. Bb2 {[%emt 0:01:02]} O-O {[%emt 0:00:37]} 7. d3 {[%emt 0:02:43]} c5 {[%emt 0:01:03]} 8. e4 {[%emt 0:01:07]} Nc6 {[%emt 0:07:09]} 9. g3 {[%emt 0:35:57]} d4 {[%emt 0:01:00]} 10. Ne2 {[%emt 0:01:16]} Qa5+ {[%emt 0:01:32]} 11. Nd2 {[%emt 0:00:42]} Ne5 {[%emt 0:03:20]} 12. Nc1 {[%emt 0:04:13]} Nfg4 {[%emt 0:10:07]} 13. Be2 {[%emt 0:00:17]} Ne3 {[%emt 0:01:32]} 14. fxe3 {[%emt 0:00:05]} dxe3 {[%emt 0:00:05]} 15. b4 {[%emt 0:00:04]} Qxb4 {[%emt 0:02:11]} 16. Ncb3 {[%emt 0:00:14]} b5 {[%emt 0:03:35]} 17. O-O {[%emt 0:01:22]} exd2 {[%emt 0:00:29]} 18. a3 {[%emt 0:11:50]} Qa4 {[%emt 0:02:41]} 19. Qxd2 {[%emt 0:03:14]} bxc4 {[%emt 0:07:39]} 20. dxc4 {[%emt 0:00:23]} Bc7 {[%emt 0:03:44]} 21. Rab1 {[%emt 0:06:09]} Rb8 {[%emt 0:07:06]} 22. Nc1 {[%emt 0:04:24]} Bb7 {[%emt 0:06:49]} 23. Qe3 {[%emt 0:02:25]} Qc6 {[%emt 0:02:12]} 24. Rf4 {[%emt 0:06:09]} Ba8 {[%emt 0:02:03]} 25. Qc3 {[%emt 0:01:15]} f6 {[%emt 0:00:14]} 26. Bd3 {[%emt 0:01:48]} Nxd3 {[%emt 0:00:28]} 0-1

[Event "Ottawa Winter op"]
[Site "Ottawa CAN"]
[Date "2026.01.17"]
[Round "2.2"]
[White "Plotkin, Mark"]
[Black "Iordanescu, Victor Nicolae"]
[Result "1-0"]
[WhiteElo "2491"]
[BlackElo "2193"]
[WhiteFideId "-1"]
[BlackFideId "-1"]
[PlyCount "61"]
[GameId "2268007695388955"]
[EventDate "2026.01.16"]
[EventType "swiss"]
[EventRounds "5"]
[EventCountry "CAN"]

1. a3 {[%emt 0:14:32]} d5 {[%emt 0:00:49]} 2. g3 {[%emt 0:00:27]} g6 {[%emt 0:02:41]} 3. Bg2 {[%emt 0:00:06]} Bg7 {[%emt 0:00:16]} 4. Nf3 {[%emt 0:00:19]} c5 {[%emt 0:05:13]} 5. O-O {[%emt 0:00:21]} Nc6 {[%emt 0:01:16]} 6. Nc3 {[%emt 0:05:48]} e5 {[%emt 0:03:31]} 7. e4 {[%emt 0:00:44]} d4 {[%emt 0:00:58]} 8. Nd5 {[%emt 0:00:07]} Nge7 {[%emt 0:09:07]} 9. c4 {[%emt 0:05:44]} O-O {[%emt 0:04:05]} 10. b4 {[%emt 0:02:50]} b6 {[%emt 0:04:22]} 11. d3 {[%emt 0:00:52]} h6 {[%emt 0:14:13]} 12. Nd2 {[%emt 0:09:04]} Be6 {[%emt 0:07:01]} 13. Rb1 {[%emt 0:00:30]} Rb8 {[%emt 0:07:10]} 14. b5 {[%emt 0:01:55]} Na5 {[%emt 0:01:10]} 15. f4 {[%emt 0:00:19]} f5 {[%emt 0:06:49]} 16. fxe5 {[%emt 0:01:47]} Bxe5 {[%emt 0:02:24]} 17. Nf3 {[%emt 0:00:06]} Bg7 {[%emt 0:01:28]} 18. Nxe7+ {[%emt 0:00:59]} Qxe7 {[%emt 0:00:06]} 19. Nh4 {[%emt 0:00:08]} fxe4 {[%emt 0:09:52]} 20. Rxf8+ {[%emt 0:02:08]} Qxf8 {[%emt 0:00:43]} 21. Nxg6 {[%emt 0:00:14]} Qe8 {[%emt 0:02:13]} 22. Bxe4 {[%emt 0:00:55]} Bxc4 {[%emt 0:03:56]} 23. Qh5 {[%emt 0:03:39]} Bxd3 {[%emt 0:06:05]} 24. Bxd3 {[%emt 0:02:16]} Qe1+ {[%emt 0:00:38]} 25. Kg2 {[%emt 0:00:31]} c4 {[%emt 0:02:53]} 26. Qd5+ {[%emt 0:02:18]} Kh7 {[%emt 0:00:23]} 27. Bf4 {[%emt 0:00:22]} Qc3 {[%emt 0:00:35]} 28. Be4 {[%emt 0:00:34]} Re8 {[%emt 0:01:40]} 29. Ne5+ {[%emt 0:00:07]} Kh8 {[%emt 0:00:07]} 30. Nf7+ {[%emt 0:00:04]} Kg8 {[%emt 0:00:33]} 31. Nxh6+ {[%emt 0:00:05]} 1-0

[Event "Ottawa Winter op"]
[Site "Ottawa CAN"]
[Date "2026.01.17"]
[Round "2.9"]
[White "Qian, Ashley"]
[Black "Mahdjoubi, Abdelaziz"]
[Result "1-0"]
[WhiteElo "2158"]
[BlackElo "1859"]
[WhiteFideId "-1"]
[BlackFideId "-1"]
[PlyCount "29"]
[GameId "2268007695388956"]
[EventDate "2026.01.16"]
[EventType "swiss"]
[EventRounds "5"]
[EventCountry "CAN"]

1. e4 d5 2. exd5 Qxd5 3. Nc3 Qa5 4. d4 Nf6 5. Nf3 Bg4 6. Be2 Nc6 7. O-O O-O-O 8. Be3 Bxf3 9. Bxf3 Nxd4 10. Bxd4 e5 11. Bg4+ Kb8 12. Bxa7+ Kxa7 13. Qxd8 Nxg4 14. a4 g6 15. Nb5+ 1-0

[Event "Ottawa Winter op"]
[Site "Ottawa CAN"]
[Date "2026.01.17"]
[Round "2.7"]
[White "Rodrigue-Lemieux, Shawn"]
[Black "Wen, Justin"]
[Result "1-0"]
[WhiteElo "2618"]
[BlackElo "1808"]
[WhiteFideId "-1"]
[BlackFideId "-1"]
[PlyCount "57"]
[GameId "2268007695388957"]
[EventDate "2026.01.16"]
[EventType "swiss"]
[EventRounds "5"]
[EventCountry "CAN"]

1. e4 c5 2. Nf3 g6 3. d4 cxd4 4. Nxd4 Nf6 5. Nc3 Nc6 6. Be2 Bg7 7. Nb3 O-O 8. O-O d6 9. Bg5 a6 10. Re1 b5 11. Bf1 h6 12. Bh4 Bb7 13. a4 b4 14. Nd5 e6 15. Nxf6+ Bxf6 16. Bxf6 Qxf6 17. Qxd6 Qxb2 18. Qc7 Rab8 19. Nc5 Rfc8 20. Qg3 Ba8 21. Nd7 Qxc2 22. Nxb8 Rxb8 23. Rac1 Qxa4 24. Rxc6 Bxc6 25. Qxb8+ Kg7 26. Qe5+ Kg8 27. Ra1 Qc2 28. Rxa6 b3 29. Rb6 1-0

[Event "Ottawa Winter op"]
[Site "Ottawa CAN"]
[Date "2026.01.17"]
[Round "2.5"]
[White "Wu, Ting En Ryan"]
[Black "Moses, Neil"]
[Result "0-1"]
[WhiteElo "1969"]
[BlackElo "2316"]
[WhiteFideId "-1"]
[BlackFideId "-1"]
[PlyCount "56"]
[GameId "2268007695388958"]
[EventDate "2026.01.16"]
[EventType "swiss"]
[EventRounds "5"]
[EventCountry "CAN"]

1. e4 c5 2. Nf3 d6 3. d4 cxd4 4. Nxd4 Nf6 5. Nc3 Nc6 6. Bg5 e6 7. Qd2 Bd7 8. O-O-O a6 9. f4 Be7 10. Nf3 b5 11. Bxf6 gxf6 12. Ne2 Qb6 13. g4 Qf2 14. Nfd4 h5 15. Bh3 Qh4 16. Bg2 Nxd4 17. Nxd4 hxg4 18. Nf5 exf5 19. exf5 O-O 20. Bxa8 Rxa8 21. Rdg1 Rc8 22. h3 g3 23. Qe3 Bxf5 24. Rxg3+ Kh8 25. Rg2 Bf8 26. Qf3 Qh7 27. Rhg1 Bh6 28. c3 Be4 0-1

[Event "Ottawa Winter op"]
[Site "Ottawa CAN"]
[Date "2026.01.17"]
[Round "2.6"]
[White "Duong, Thanh Nha"]
[Black "Tan, Shuwen"]
[Result "1-0"]
[WhiteElo "2300"]
[BlackElo "1983"]
[WhiteFideId "-1"]
[BlackFideId "-1"]
[PlyCount "57"]
[GameId "2268007695388959"]
[EventDate "2026.01.16"]
[EventType "swiss"]
[EventRounds "5"]
[EventCountry "CAN"]

1. c4 d6 2. g3 e5 3. Bg2 f5 4. Nc3 Nf6 5. d4 exd4 6. Qxd4 Nc6 7. Qd2 Be7 8. Nh3 Ne5 9. b3 c6 10. Bb2 Be6 11. O-O h6 12. Rad1 g5 13. Kh1 Qd7 14. f4 Neg4 15. Ng1 O-O-O 16. e3 h5 17. Nf3 h4 18. gxh4 gxf4 19. exf4 Ne4 20. Qe1 Bf6 21. Ne5 Bxh4 22. Nxd7 Bxe1 23. Rdxe1 Rxh2+ 24. Kg1 Rxd7 25. Nxe4 fxe4 26. f5 Bxf5 27. Rxf5 Rdh7 28. Rf4 Ne5 29. Bxe5 1-0

[Event "Ottawa Winter op"]
[Site "Ottawa CAN"]
[Date "2026.01.17"]
[Round "2.3"]
[White "Qian, Eric"]
[Black "Chiku-Ratte, Oliver-Kenta"]
[Result "0-1"]
[WhiteElo "2216"]
[BlackElo "2448"]
[WhiteFideId "-1"]
[BlackFideId "-1"]
[PlyCount "58"]
[GameId "2268007695388960"]
[EventDate "2026.01.16"]
[EventType "swiss"]
[EventRounds "5"]
[EventCountry "CAN"]

1. d4 Nf6 2. c4 e6 3. Nf3 c5 4. d5 exd5 5. cxd5 d6 6. Nc3 g6 7. e4 Bg7 8. h3 O-O 9. Bd3 a6 10. a4 Nbd7 11. Bf4 Qe7 12. O-O Ne8 13. Nd2 Ne5 14. Bc2 Rb8 15. a5 Nc7 16. Bh2 Nb5 17. Re1 g5 18. Na4 g4 19. hxg4 Bxg4 20. f3 Bh5 21. g4 Bh6 22. Nf1 Nd4 23. Bxe5 Qxe5 24. gxh5 Kh8 25. Re2 Rg8+ 26. Rg2 Rxg2+ 27. Kxg2 Rg8+ 28. Kf2 Qg5 29. Ke1 Qh4+ 0-1

[Event "Ottawa Winter op"]
[Site "Ottawa CAN"]
[Date "2026.01.17"]
[Round "2.4"]
[White "Dukic, Zachary"]
[Black "Zhu, Elber"]
[Result "1-0"]
[WhiteElo "2366"]
[BlackElo "2151"]
[WhiteFideId "-1"]
[BlackFideId "-1"]
[PlyCount "79"]
[GameId "2268007695388961"]
[EventDate "2026.01.16"]
[EventType "swiss"]
[EventRounds "5"]
[EventCountry "CAN"]

1. Nf3 d5 2. g3 c5 3. Bg2 Nf6 4. O-O e6 5. d3 Nc6 6. Nbd2 Be7 7. e4 Qc7 8. Re1 h6 9. c3 O-O 10. Nf1 b5 11. Bf4 Qb6 12. e5 Nh7 13. h4 c4 14. d4 b4 15. Qd2 a5 16. g4 Qd8 17. g5 hxg5 18. hxg5 g6 19. N1h2 a4 20. a3 bxa3 21. bxa3 Na5 22. Qe3 Rb8 23. Ng4 Kg7 24. Nf6 Rh8 25. Nh2 Rb3 26. Qg3 Rxa3 27. Rxa3 Bxa3 28. Ra1 Qe7 29. Bxd5 Nb3 30. Ra2 exd5 31. e6 Qxe6 32. Rxa3 Qe1+ 33. Nf1 Nxg5 34. Be5 Bh3 35. Nxd5+ Kg8 36. Bxh8 Qxf1+ 37. Kh2 Kxh8 38. Qxg5 Nd2 39. Qh6+ Kg8 40. Nf6# 1-0

[Event "Ottawa Winter op"]
[Site "Ottawa CAN"]
[Date "2026.01.17"]
[Round "2.10"]
[White "Jutras, Arnaud"]
[Black "Scrieciu, Cristian"]
[Result "1-0"]
[WhiteElo "2110"]
[BlackElo "1879"]
[WhiteFideId "-1"]
[BlackFideId "-1"]
[PlyCount "157"]
[GameId "2268007695388962"]
[EventDate "2026.01.16"]
[EventType "swiss"]
[EventRounds "5"]
[EventCountry "CAN"]

1. c4 c5 2. Nc3 Nc6 3. g3 g6 4. Bg2 Bg7 5. Nf3 d6 6. O-O Bf5 7. d3 Qd7 8. e4 Bh3 9. Bxh3 Qxh3 10. Nd5 Qd7 11. Rb1 Nf6 12. a3 e5 13. Bh6 O-O 14. Nxf6+ Bxf6 15. Bxf8 Rxf8 16. b4 Kg7 17. Kg2 h5 18. h4 Qe7 19. Rh1 Qd7 20. Qd2 Qc7 21. b5 Nd4 22. Nxd4 cxd4 23. Rbf1 Qd7 24. f4 exf4 25. Rxf4 Be5 26. Rf3 Qc7 27. a4 Ra8 28. Rhf1 f6 29. Qf2 Rf8 30. Qb2 Ra8 31. Rb1 Qd7 32. a5 Rc8 33. a6 b6 34. Rbf1 Qe6 35. Qf2 Rf8 36. Qg1 Qg4 37. Qh2 Kh6 38. Qh3 Rf7 39. R3f2 Rf8 40. Rh1 Rh8 41. Rf3 Rh7 42. Qh2 Rf7 43. Qg1 Kg7 44. Qf2 Qe6 45. Rf1 Qd7 46. Qa2 Qe6 47. R1f2 Kh6 48. Qe2 Kg7 49. Kg1 Qg4 50. Rg2 Kh6 51. Rff2 Rf8 52. Qd2+ Kg7 53. Rf4 Bxf4 54. Qxf4 Qxf4 55. gxf4 Kf7 56. Kf2 Rg8 57. Kf3 Re8 58. Re2 Re7 59. e5 fxe5 60. fxe5 dxe5 61. Ke4 Ke6 62. Rf2 Re8 63. Rg2 Kf6 64. Rg5 Re7 65. Rg2 Re8 66. Rg3 Re7 67. Rf3+ Kg7 68. Kd5 Re8 69. Kc6 e4 70. dxe4 Rxe4 71. Kb7 Re7+ 72. Kb8 Re3 73. Rf4 g5 74. hxg5 d3 75. Kxa7 Re6 76. Rd4 Kg6 77. Kb7 Kxg5 78. a7 Re7+ 79. Kxb6 1-0

[Event "Ottawa Winter op"]
[Site "Ottawa CAN"]
[Date "2026.01.17"]
[Round "3.1"]
[White "Sambuev, Bator"]
[Black "Dukic, Zachary"]
[Result "0-1"]
[WhiteElo "2538"]
[BlackElo "2366"]
[WhiteFideId "-1"]
[BlackFideId "-1"]
[PlyCount "116"]
[GameId "2268007695388963"]
[EventDate "2026.01.16"]
[EventType "swiss"]
[EventRounds "5"]
[EventCountry "CAN"]
[WhiteClock "0:01:40"]
[BlackClock "0:10:18"]

1. Nf3 {[%emt 0:00:15]} Nf6 {[%emt 0:00:15]} 2. c4 {[%emt 0:00:07]} c5 {[%emt 0:00:04]} 3. Nc3 {[%emt 0:00:09]} Nc6 {[%emt 0:00:03]} 4. e3 {[%emt 0:03:11]} e5 {[%emt 0:00:06]} 5. Be2 {[%emt 0:00:47]} d5 {[%emt 0:01:48]} 6. d4 {[%emt 0:01:42]} e4 {[%emt 0:02:55]} 7. Ne5 {[%emt 0:01:20]} dxc4 {[%emt 2:01:50]} 8. Bxc4 Nxe5 9. dxe5 Qxd1+ 10. Kxd1 Ng4 11. Bb5+ Bd7 12. Bxd7+ Kxd7 13. Ke2 Nxe5 14. Rd1+ Kc6 15. Nxe4 f5 16. Ng3 g6 17. e4 fxe4 18. Nxe4 Re8 19. f3 Nc4 20. b3 Nd6 21. Bb2 Rg8 22. Kd3 Nxe4 23. fxe4 Bg7 24. Bxg7 Rxg7 25. Rf1 Rd7+ 26. Ke3 Rd4 27. Rf4 g5 28. Rg4 Re5 29. h4 h5 30. Rxg5 Rexe4+ 31. Kf3 Rxh4 32. Re1 Rhf4+ {[%emt 0:14:40]} 33. Kg3 {[%emt 0:03:27]} h4+ {[%emt 0:00:08]} 34. Kh2 {[%emt 0:13:19]} Rg4 {[%emt 0:04:27]} 35. Re6+ {[%emt 0:03:08]} Kb5 {[%emt 0:02:30]} 36. Rxg4 {[%emt 0:00:09]} Rxg4 {[%emt 0:00:10]} 37. Re7 {[%emt 0:00:02]} Kc6 {[%emt 0:05:27]} 38. Rh7 {[%emt 0:00:24]} b5 {[%emt 0:01:06]} 39. Rxa7 {[%emt 0:05:21]} c4 {[%emt 0:00:28]} 40. bxc4 {[%emt 0:00:05]} bxc4 {[%emt 0:00:16]} 41. Ra8 {[%emt 0:04:42]} Kd5 {[%emt 0:03:37]} 42. Rd8+ {[%emt 0:02:39]} Kc5 {[%emt 0:01:05]} 43. Rc8+ {[%emt 0:00:05]} Kb4 {[%emt 0:00:17]} 44. Rb8+ {[%emt 0:00:14]} Ka3 {[%emt 0:00:57]} 45. Ra8+ {[%emt 0:00:37]} Kb2 {[%emt 0:00:06]} 46. a4 {[%emt 0:00:31]} c3 {[%emt 0:00:20]} 47. Rb8+ {[%emt 0:00:04]} Ka3 {[%emt 0:07:42]} 48. Rc8 {[%emt 0:00:12]} Kb3 {[%emt 0:00:26]} 49. a5 {[%emt 0:00:23]} Ra4 {[%emt 0:00:16]} 50. Rb8+ {[%emt 0:00:58]} Ka3 {[%emt 0:00:45]} 51. Rc8 {[%emt 0:01:17]} Kb4 {[%emt 0:00:13]} 52. Kh3 {[%emt 0:01:24]} Rxa5 {[%emt 0:04:43]} 53. Kxh4 {[%emt 0:00:07]} Rc5 {[%emt 0:00:08]} 54. Rb8+ {[%emt 0:00:06]} Kc4 {[%emt 0:00:36]} 55. Rb1 {[%emt 0:00:09]} c2 {[%emt 0:00:11]} 56. Rc1 {[%emt 0:00:33]} Kd3 {[%emt 0:00:16]} 57. g4 {[%emt 0:00:40]} Kd2 {[%emt 0:00:16]} 58. Rxc2+ {[%emt 0:00:04]} Rxc2 {[%emt 0:00:10]} 0-1